| 000 | 00919nam a2200277 a 4500 | ||
|---|---|---|---|
| 001 | 14031 | ||
| 003 | BD-RjUL | ||
| 005 | 20211208235547.0 | ||
| 008 | 140203t19701964njua 001 0 eng d | ||
| 035 | _a(BD-RjUL)14083 | ||
| 040 |
_aDLC _cYNG _dSER _dBD-RjUL _beng |
||
| 041 | _aeng | ||
| 082 | 0 | 0 |
_a339.3 _bSCN 1970 _223 |
| 100 | 1 |
_aSchultze, Charles L. _913815 |
|
| 245 | 1 | 0 |
_aNational income analysis / _cby Charles L. Schultze |
| 250 | _a2d ed. | ||
| 260 |
_aEnglewood Cliffs, N.J. : _bPrentice-Hall, _c1964 [1970]. |
||
| 300 |
_a149 p. : _bill.; _c23 cm. |
||
| 490 | 1 | _aFoundations of modern economics series | |
| 504 | _aIncludes Bibliography and index. | ||
| 650 | 0 |
_aGross national product. _943852 |
|
| 650 | 0 |
_aGross national product _zUnited States. _913817 |
|
| 650 | 0 |
_aNational income _zUnited States _xAccounting. _913818 |
|
| 830 | 0 |
_aFoundations of modern economics series. _9136521 |
|
| 942 |
_2ddc _cBK |
||
| 999 |
_c14031 _d14031 |
||